000 00809cam a2200193 4500
001 WB3732-12
008 010821n2001 000 0 eng u
035 _a(Sirsi) u114237
245 _aProperty returns continue to decline
260 _c2001
490 _aEstates Gazette
_v(0133) 18 August 2001, 24(1)
520 _aThe Investment Property Databank's monthly index for July 2001 indicates that property's performance declined once again. Annualised property total returns fell to 7.9%, from 8.1% in June 2001. On a more positive note, in terms of capital growth, the rate of decline slowed in the retail sector.
590 _aWB
650 _aIPD INDEX
650 _aRETAIL SECTOR
650 _aPROPERTY RETURNS
690 _aPROPERTY-COMMERCIAL PROPERTY-COMMERCIAL PROPERTY MARKET
942 _n0
999 _c68052
_d68052